000 00512nam a22001937a 4500
003 TZ-ArACH
005 20260128105141.0
020 _a9781247715902
040 _cTZ-ArACH
050 _aHV8698
_b .O45 2025
100 _aOlivecrona, Knut
245 _aPeine de Mort
_cKnut Olivecrona
250 _aA 2025 public domain reprint of an 1868 book
260 _aParis :
_bDurand et Pedone-Lauriel;
_c2025 (Reprint).
300 _a202 p.
504 _aErrata
650 _aDeath penalty
_zFrance
942 _2lcc
_cBOOK
999 _c7771
_d7771